000 00844nas a2200277 i 4500
001 2696
003 ES-MaACL
005 20250814011829.0
007 t|
008 980123c1995 sp w| | 0 ||pa d
022 _a1135-6286
080 _a(460)
080 _a57
245 0 0 _aBoletín epidemiológico semanal.
260 _aMadrid :
_bCentro Nacional de Epidemiología, Instituto de Salud Carlos III,
_c1995-
300 _a12 v. ;
_c30 cm.
310 _aSemanal
362 0 _aVol. 3, nº 1 (enero 1995)-
650 1 7 _aBiología
_2embne
_910580
710 2 _aCentro Nacional de Epidemiología (España)
_92765
710 2 _aInstituto de Salud Carlos III (Madrid)
_95004
780 0 0 _aBoletín epidemiológico y microbiológico, ISSN 1133-8210
852 _aES-MaACL
_jHEM-H-488
866 0 _o1995-2004.
999 _c2696
_d2696